[Event "7th Parsvnath International Open Chess T"]
[Site "New Delhi India"]
[Date "2009.01.11"]
[Round "1"]
[White "Dasharathi, Sahoo"]
[Black "Alexander, Areshchenko"]
[Result "0-1"]
[WhiteElo "1939"]
[BlackElo "2673"]
[PlyCount "77"]
[EventDate "2009.01.11"]
[Source "MonRoi"]

1. e4 c5 2. Nf3 d6 3. c3 Nf6 4. h3 Nc6 5. Bd3 Bd7 6. Bc2 Qc7 7. O-O e6 8. d4
cxd4 9. cxd4 Nb4 10. Nc3 Nxc2 11. Qxc2 d5 12. e5 Ne4 13. Ng5 Nxc3 14. bxc3 h6
15. Nf3 Be7 16. Re1 Rc8 17. Bd2 Qc4 18. Qb3 b6 19. Qxc4 Rxc4 20. g4 Ba4 21. Re3
Kd7 22. h4 Rhc8 23. Kg2 b5 24. a3 Bc2 25. Kg3 a5 26. Ne1 Be4 27. f3 Bh7 28. Ng2
Ra4 29. Bc1 b4 30. cxb4 axb4 31. Bb2 bxa3 32. Bxa3 Rca8 33. Bxe7 Rxa1 34. Bc5
R8a2 35. Rb3 Rg1 36. Rb7+ Kc6 37. Rxf7 g5 38. hxg5 hxg5 39. f4 0-1

[Event "7th Parsvnath International Open Chess T"]
[Site "New Delhi India"]
[Date "2009.01.11"]
[Round "1"]
[White "Yuriy, Kuzubov"]
[Black "P, Chakrapani"]
[Result "1-0"]
[WhiteElo "2626"]
[BlackElo "1936"]
[PlyCount "53"]
[EventDate "2009.01.11"]
[Source "MonRoi"]

1. d4 d5 2. c4 e6 3. Nf3 Nf6 4. Nc3 Be7 5. Bg5 Nbd7 6. e3 a6 7. Qc2 dxc4 8.
Bxc4 b5 9. Be2 Bb7 10. O-O O-O 11. Rfd1 c6 12. Rac1 Qb6 13. e4 h6 14. Bh4 Rfe8
15. e5 Nh7 16. Bxe7 Rxe7 17. Ne4 Rd8 18. Bd3 Nhf8 19. Qe2 Ba8 20. Qe3 Qa5 21.
h4 Nf6 22. Nxf6+ Kh8 23. Ng4 Rd5 24. Qd2 h5 25. Nf6 gxf6 26. Qh6+ Kg8 27. exf6
1-0

[Event "7th Parsvnath International Open Chess T"]
[Site "New Delhi India"]
[Date "2009.01.11"]
[Round "1"]
[White "Saripalli, Niraj"]
[Black "Surya Shekhar, Ganguly"]
[Result "0-1"]
[WhiteElo "1935"]
[BlackElo "2614"]
[PlyCount "74"]
[EventDate "2009.01.11"]
[Source "MonRoi"]

1. d4 Nf6 2. Bg5 d5 3. Bxf6 exf6 4. e3 c6 5. c4 dxc4 6. Bxc4 Bd6 7. Nd2 O-O 8.
Ngf3 Nd7 9. Qc2 Qa5 10. O-O f5 11. Bd3 Nb6 12. Rfe1 h6 13. Nb3 Qd5 14. Nc5 Rd8
15. Red1 Bc7 16. b3 g6 17. a4 a5 18. e4 fxe4 19. Bxe4 Qd6 20. Ne5 Qf6 21. Qd2
Kg7 22. f4 Nd5 23. Rf1 Nb4 24. Rad1 b6 25. Ncd3 Nxd3 26. Qxd3 Ba6 27. Nc4 b5
28. axb5 cxb5 29. Ne5 b4 30. Qf3 Rac8 31. Rf2 Bb6 32. Rfd2 Rc3 33. Qg4 h5 34.
Qg5 Qxg5 35. fxg5 Re3 36. Rf2 Rxe4 37. Rxf7+ Kg8 0-1

[Event "7th Parsvnath International Open Chess T"]
[Site "New Delhi India"]
[Date "2009.01.11"]
[Round "1"]
[White "Parimarjan, Negi"]
[Black "Vasanta, Wettasinha"]
[Result "1-0"]
[WhiteElo "2600"]
[BlackElo "1929"]
[PlyCount "127"]
[EventDate "2009.01.11"]
[Source "MonRoi"]

1. e4 c6 2. Ne2 d5 3. e5 Bf5 4. Ng3 Bg6 5. h4 h6 6. h5 Bh7 7. e6 Qd6 8. exf7+
Kxf7 9. d4 e5 10. c4 Nf6 11. Bd3 e4 12. Be2 Be7 13. Nc3 Na6 14. O-O Rhf8 15.
cxd5 cxd5 16. Nb5 Qd7 17. Bf4 Nb4 18. Rc1 Nc6 19. f3 Kg8 20. fxe4 dxe4 21. Nc7
Rac8 22. Bc4+ Kh8 23. Be6 Qxd4+ 24. Qxd4 Nxd4 25. Bxc8 Rxc8 26. Be3 Nc6 27. Ne6
Bd6 28. Bf4 Bb4 29. a3 Be7 30. Rfd1 Bg8 31. Nd4 Nd5 32. Nxc6 bxc6 33. Be5 Bg5
34. Ra1 Re8 35. Bd4 a6 36. Nf5 Bf6 37. Rac1 Re6 38. Bxf6 Rxf6 39. Nd4 Ne7 40.
Rf1 Rd6 41. Nf5 Nxf5 42. Rxf5 Bd5 43. Rf8+ Kh7 44. Ra8 e3 45. Re8 Bf7 46. Rxe3
Bxh5 47. Re5 Bd1 48. Ra5 Bb3 49. Rxa6 Bd5 50. a4 Rg6 51. Rc2 h5 52. a5 h4 53.
Kh2 Rg4 54. Ra7 Kh6 55. Re2 g5 56. Rb7 Ra4 57. b4 c5 58. Rb5 Bc4 59. Rb6+ Kh5
60. Rc2 Bf1 61. bxc5 g4 62. Rc1 Bd3 63. c6 Ra2 64. Rc5+ 1-0

[Event "7th Parsvnath International Open Chess T"]
[Site "New Delhi India"]
[Date "2009.01.11"]
[Round "1"]
[White "Agarwal, Sitaram"]
[Black "Yuri, Solodovnichenko"]
[Result "0-1"]
[WhiteElo "1927"]
[BlackElo "2571"]
[PlyCount "44"]
[EventDate "2009.01.11"]
[Source "MonRoi"]

1. e4 g6 2. c4 c5 3. g3 Bg7 4. Bg2 Nc6 5. Ne2 h5 6. Nbc3 h4 7. f4 d6 8. d3 Bg4
9. Be3 h3 10. Bf1 Nd4 11. Qc1 Nh6 12. Bxd4 cxd4 13. Nd1 Bf3 14. Rg1 Ng4 15. Nf2
Qa5+ 16. Qd2 Qxd2+ 17. Kxd2 Nxf2 18. Nc1 Ng4 19. Be2 Nxh2 20. Nb3 Bg2 21. Ke1
Nf3+ 22. Bxf3 h2 0-1

[Event "7th Parsvnath International Open Chess T"]
[Site "New Delhi India"]
[Date "2009.01.11"]
[Round "1"]
[White "Ov Evgeny, Gleize"]
[Black "M, Natarajan"]
[Result "1-0"]
[WhiteElo "2544"]
[BlackElo "1925"]
[PlyCount "67"]
[EventDate "2009.01.11"]
[Source "MonRoi"]

1. d4 d5 2. c4 c6 3. Nf3 Nf6 4. Nc3 dxc4 5. a4 Bf5 6. e3 e6 7. Bxc4 Bb4 8. O-O
O-O 9. Nh4 Bg6 10. Nxg6 hxg6 11. Qe2 Nbd7 12. Rd1 Qa5 13. Bd2 Qh5 14. a5 Qxe2
15. Bxe2 e5 16. Bf3 Bxc3 17. bxc3 e4 18. Be2 c5 19. a6 b6 20. Bb5 Rac8 21. f3
Rfd8 22. Be1 cxd4 23. cxd4 Nd5 24. Rdc1 N7f6 25. Kf2 Kf8 26. Bc6 exf3 27. Kxf3
g5 28. h3 Ne8 29. Bxd5 Rxc1 30. Bb4+ Kg8 31. Rxc1 Rxd5 32. Rc8 Rb5 33. Rxe8+
Kh7 34. Be1 1-0

[Event "7th Parsvnath International Open Chess T"]
[Site "New Delhi India"]
[Date "2009.01.11"]
[Round "1"]
[White "Chopra, Dk"]
[Black "Abhijit, Kunte"]
[Result "0-1"]
[WhiteElo "1924"]
[BlackElo "2527"]
[PlyCount "72"]
[EventDate "2009.01.11"]
[Source "MonRoi"]

1. d4 Nf6 2. Nf3 e6 3. Bg5 h6 4. Bxf6 Qxf6 5. Nbd2 g5 6. e3 Bg7 7. Ne4 Qe7 8.
c3 d6 9. Bd3 Nd7 10. O-O b6 11. b4 Bb7 12. a4 a5 13. Qb3 g4 14. Ne1 h5 15. f4
gxf3 16. Nxf3 Bh6 17. Rae1 Rg8 18. Ned2 Nf6 19. e4 Ng4 20. Re2 Ne3 21. Rfe1
Nxg2 22. Rxg2 Rxg2+ 23. Kxg2 Bxd2 24. Re2 Bh6 25. d5 Qf6 26. bxa5 Rxa5 27. Bb5+
Kf8 28. Qc4 exd5 29. exd5 Qf5 30. Re8+ Kg7 31. Qd4+ f6 32. c4 Rxb5 33. Re7+ Kf8
34. Rxc7 Rb3 35. Qd1 Qg4+ 36. Kf2 Be3+ 0-1

[Event "7th Parsvnath International Open Chess T"]
[Site "New Delhi India"]
[Date "2009.01.11"]
[Round "1"]
[White "Anuar, Ismagambetov"]
[Black "Krishna S, Anjana"]
[Result "1-0"]
[WhiteElo "2523"]
[BlackElo "1920"]
[PlyCount "52"]
[EventDate "2009.01.11"]
[Source "MonRoi"]

1. e4 e5 2. Nf3 Nf6 3. Nc3 Bb4 4. Bc4 Nc6 5. Nd5 Bc5 6. O-O d6 7. d3 h6 8. c3
a6 9. a4 Ba7 10. Be3 O-O 11. Nd2 Nxd5 12. Bxd5 Ne7 13. Ba2 Ng6 14. Qh5 Qf6 15.
g3 Be6 16. Bb1 c5 17. f4 exf4 18. gxf4 Bd7 19. Bc2 Rae8 20. Rae1 Ne7 21. f5 Nc6
22. Re2 Kh7 23. Rg2 Rh8 24. Bg5 c4+ 25. Kh1 g6 26. Bxf6 gxh5 1-0

[Event "7th Parsvnath International Open Chess T"]
[Site "New Delhi India"]
[Date "2009.01.11"]
[Round "1"]
[White "Kumar Girsa, Samuder"]
[Black "Saidali, Iuldachev"]
[Result "0-1"]
[WhiteElo "1916"]
[BlackElo "2520"]
[PlyCount "62"]
[EventDate "2009.01.11"]
[Source "MonRoi"]

1. d4 Nf6 2. c4 d6 3. Nf3 Nbd7 4. Nc3 c6 5. g3 e5 6. Bg2 Be7 7. O-O O-O 8. Qc2
Re8 9. b3 Bf8 10. Bg5 h6 11. dxe5 dxe5 12. Bd2 Nc5 13. Rad1 Qc7 14. b4 Ne6 15.
Ne4 Nxe4 16. Qxe4 f6 17. Bc3 Qf7 18. Rd2 Nc7 19. Rfd1 Be6 20. b5 cxb5 21. Qxb7
bxc4 22. Bxe5 fxe5 23. Nxe5 Qf5 24. Qxc7 Rac8 25. Qa5 Bc5 26. Qc3 Qxf2+ 27. Kh1
Qe3 28. Qxe3 Bxe3 29. Rd6 c3 30. Rxe6 Rxe6 31. Bd5 Rb8 0-1

[Event "7th Parsvnath International Open Chess T"]
[Site "New Delhi India"]
[Date "2009.01.11"]
[Round "1"]
[White "R, Sriram"]
[Black "Mi Hail, Ulibin"]
[Result "0-1"]
[WhiteElo "1901"]
[BlackElo "2511"]
[PlyCount "110"]
[EventDate "2009.01.11"]
[Source "MonRoi"]

1. e4 c5 2. Nf3 e6 3. d4 cxd4 4. Nxd4 a6 5. Nc3 Qc7 6. a3 Nf6 7. Be2 Nc6 8. Be3
Be7 9. O-O d6 10. f4 O-O 11. Qd2 Na5 12. e5 dxe5 13. fxe5 Nd7 14. Bf4 Nxe5 15.
Nf3 Nac4 16. Bxc4 Qc5+ 17. Be3 Nxc4 18. Bxc5 Bxc5+ 19. Qf2 Bxf2+ 20. Rxf2 Rd8
21. b3 Ne3 22. Re2 Nf5 23. Na4 b5 24. Nc5 a5 25. Ree1 Bd7 26. Rad1 Be8 27. c3
a4 28. b4 Rxd1 29. Rxd1 Ne3 30. Ra1 Rd8 31. Kf2 Nd1+ 32. Ke1 Ne3 33. Kf2 Nc4
34. Ke2 e5 35. Kf2 f6 36. Ke2 Bc6 37. Ra2 Kf7 38. Kf2 Rd1 39. Ke2 Rc1 40. Kd3
Bxf3 41. gxf3 Re1 42. Re2 Rxe2 43. Kxe2 Nxa3 44. Kd2 g5 45. Ne4 Ke6 46. Nc5+
Kf5 47. Nd3 Nc4+ 48. Kc2 h5 49. Kc1 g4 50. fxg4+ Kxg4 51. Nf2+ Kf3 52. Nd3 e4
53. Ne1+ Kf2 54. Nc2 e3 55. Kd1 e2+ 0-1

[Event "7th Parsvnath International Open Chess T"]
[Site "New Delhi India"]
[Date "2009.01.11"]
[Round "1"]
[White "Petr, Kostenko"]
[Black "Chahal, Aman"]
[Result "1-0"]
[WhiteElo "2501"]
[BlackElo "1900"]
[PlyCount "101"]
[EventDate "2009.01.11"]
[Source "MonRoi"]

1. e4 e6 2. d4 d5 3. Nc3 dxe4 4. Nxe4 Nd7 5. Nf3 Ngf6 6. Nxf6+ Nxf6 7. c3 Be7
8. Qa4+ Bd7 9. Qb3 b6 10. Ne5 O-O 11. Bg5 Nd5 12. Bxe7 Qxe7 13. O-O-O Rfd8 14.
c4 Nb4 15. g3 c5 16. Bg2 Rac8 17. dxc5 bxc5 18. a3 Bc6 19. Rxd8+ Qxd8 20. Rd1
Qc7 21. Nxc6 Nxc6 22. Bxc6 Qxc6 23. Qd3 h6 24. Qd7 Qc7 25. Kc2 Kf8 26. f4 g6
27. Rd6 Kg7 28. Qxc7 Rxc7 29. Kc3 g5 30. b4 gxf4 31. gxf4 Kf6 32. bxc5 Rxc5 33.
Kb4 Rc7 34. c5 Kf5 35. Rd4 f6 36. Kb5 e5 37. fxe5 fxe5 38. Rd5 Ke4 39. Rd6 Kf3
40. Rf6+ Kg4 41. Rxh6 e4 42. Re6 Kf3 43. c6 e3 44. Kc5 Rh7 45. Kd6 Rxh2 46. c7
Rc2 47. Kd7 Rd2+ 48. Kc6 Rc2+ 49. Kb7 e2 50. c8=Q Rxc8 51. Kxc8 1-0

[Event "7th Parsvnath International Open Chess T"]
[Site "New Delhi India"]
[Date "2009.01.11"]
[Round "1"]
[White "Johnharry, Pereira"]
[Black "Vinay S, Bhat"]
[Result "0-1"]
[WhiteElo "1900"]
[BlackElo "2495"]
[PlyCount "52"]
[EventDate "2009.01.11"]
[Source "MonRoi"]

1. d4 d5 2. c4 c6 3. Nf3 Nf6 4. Nc3 dxc4 5. e3 b5 6. a4 b4 7. Na2 e6 8. Bxc4
Nbd7 9. O-O Bb7 10. Bd2 a5 11. Nc1 Be7 12. Nd3 O-O 13. Nde5 Nxe5 14. Nxe5 c5
15. Qb3 cxd4 16. Bxe6 fxe6 17. Qxe6+ Kh8 18. exd4 Qd5 19. Qh3 Kg8 20. Be3 Rae8
21. Rfc1 Bc8 22. Qh4 Ng4 23. Qg3 Nxe3 24. fxe3 Bd6 25. Qg5 Bxe5 26. dxe5 Rxe5
0-1

[Event "7th Parsvnath International Open Chess T"]
[Site "New Delhi India"]
[Date "2009.01.11"]
[Round "1"]
[White "Dibyendu, Barua"]
[Black "Kumar Gupta, Dinesh"]
[Result "1-0"]
[WhiteElo "2490"]
[BlackElo "1896"]
[PlyCount "57"]
[EventDate "2009.01.11"]
[Source "MonRoi"]

1. e4 c5 2. Nf3 Nc6 3. Nc3 e5 4. Bc4 d6 5. d3 h6 6. Ne2 Nf6 7. a4 Be7 8. Ng3
Be6 9. Qe2 Nd4 10. Nxd4 cxd4 11. f4 Qc7 12. O-O Bxc4 13. dxc4 h5 14. Nf5 Bf8
15. fxe5 dxe5 16. Bg5 Ng4 17. h3 f6 18. hxg4 fxg5 19. gxh5 O-O-O 20. Ng3 g6 21.
Qd3 g4 22. hxg6 Qg7 23. Rxf8 Rdxf8 24. Nf5 Rxf5 25. exf5 Qh6 26. Rf1 Qh4 27. f6
g3 28. Qf5+ Kd8 29. Qh3 1-0

[Event "7th Parsvnath International Open Chess T"]
[Site "New Delhi India"]
[Date "2009.01.11"]
[Round "1"]
[White "Chhabra, Sanjay"]
[Black "Das, Neelotpal"]
[Result "0-1"]
[WhiteElo "1892"]
[BlackElo "2490"]
[PlyCount "86"]
[EventDate "2009.01.11"]
[Source "MonRoi"]

1. d4 Nf6 2. Nf3 c5 3. d5 g6 4. Nc3 Bg7 5. e4 d6 6. Bb5+ Nfd7 7. a4 Na6 8. O-O
O-O 9. Re1 Nc7 10. Bf1 Nf6 11. h3 e5 12. dxe6 Nxe6 13. Be3 b6 14. Qd2 Bb7 15.
Bh6 Bxh6 16. Qxh6 Nd4 17. Nxd4 cxd4 18. Nb5 Nxe4 19. Nxd4 Qf6 20. Nf3 Rfe8 21.
Bb5 Re6 22. c3 a6 23. Bc4 d5 24. Bd3 Re7 25. Re3 Rae8 26. Rae1 Qg7 27. Qf4 f6
28. Bxe4 dxe4 29. Nd2 f5 30. Nc4 Re6 31. Rd1 Rc8 32. Nd6 Rd8 33. Re2 g5 34. Qh2
f4 35. Red2 e3 36. fxe3 fxe3 37. Rd4 Rf8 38. Nxb7 e2 39. Re1 Rf1+ 40. Rxf1
exf1=Q+ 41. Kxf1 Qf6+ 42. Rf4 gxf4 43. Qg1 Qe7 0-1

[Event "7th Parsvnath International Open Chess T"]
[Site "New Delhi India"]
[Date "2009.01.11"]
[Round "1"]
[White "Magesh Chandran, Panchanathan"]
[Black "Adhikari, Ramesh"]
[Result "1-0"]
[WhiteElo "2490"]
[BlackElo "1888"]
[PlyCount "63"]
[EventDate "2009.01.11"]
[Source "MonRoi"]

1. e4 c6 2. d4 d5 3. exd5 cxd5 4. c4 Nf6 5. Nc3 Nc6 6. Nf3 Bg4 7. cxd5 Nxd5 8.
Be2 e6 9. O-O Bxf3 10. Bxf3 Be7 11. Nxd5 exd5 12. Be3 Qd7 13. Rc1 O-O 14. h3 f5
15. Qd3 f4 16. Bd2 Kh8 17. Rfe1 Bf6 18. Bg4 Qd8 19. Bc3 Qb6 20. Rcd1 Rae8 21.
Rxe8 Rxe8 22. Qf3 Re4 23. Bf5 Nxd4 24. Rxd4 Bxd4 25. Bxe4 dxe4 26. Qxe4 Bxf2+
27. Kf1 Qe3 28. Qxb7 Qd3+ 29. Kxf2 Qe3+ 30. Kf1 Qd3+ 31. Kg1 Qe3+ 32. Kh1 1-0

[Event "7th Parsvnath International Open Chess T"]
[Site "New Delhi India"]
[Date "2009.01.11"]
[Round "1"]
[White "Dutt Pandey, Bheem"]
[Black "R R, Laxman"]
[Result "0-1"]
[WhiteElo "1882"]
[BlackElo "2478"]
[PlyCount "52"]
[EventDate "2009.01.11"]
[Source "MonRoi"]

1. e4 e5 2. Nf3 Nc6 3. d4 exd4 4. Nxd4 Nf6 5. Nxc6 bxc6 6. Bd3 d5 7. exd5 cxd5
8. O-O Be7 9. b3 O-O 10. Bb2 c5 11. Nd2 Bg4 12. f3 Be6 13. c4 d4 14. Ne4 Rb8
15. Bc1 Nxe4 16. fxe4 Bg5 17. Qe1 a5 18. Kh1 Bxc1 19. Rxc1 a4 20. Rb1 Rb4 21.
Qe2 Qg5 22. Bc2 axb3 23. axb3 Qe5 24. Qd3 Rbb8 25. Rf2 {Rd2} Rfd8 {Rf1 Ra8
Rdf2 Ra3} 26. Rf3 {Rda8 Rb1 Ra1 Rff1 Rxb1 Rxb1 Rb8 Kg1} Bd7 {Rf1 Ra8} 0-1

[Event "7th Parsvnath International Open Chess T"]
[Site "New Delhi India"]
[Date "2009.01.11"]
[Round "1"]
[White "Babu M R, Lalith"]
[Black "V M, Jishore"]
[Result "1-0"]
[WhiteElo "2477"]
[BlackElo "1881"]
[PlyCount "121"]
[EventDate "2009.01.11"]
[Source "MonRoi"]

1. Nf3 Nf6 2. c4 c5 3. Nc3 Nc6 4. d4 cxd4 5. Nxd4 d5 6. cxd5 Nxd5 7. Nxc6 bxc6
8. Bd2 g6 9. Qa4 Bd7 10. Nxd5 cxd5 11. Qd4 f6 12. Qxd5 Bg7 13. e3 Rc8 14. Rd1
e6 15. Qd6 Rc6 16. Qa3 Qb8 17. Bc3 Bf8 18. Qa5 Bd6 19. Bb5 Bc7 20. Qa4 Qb7 21.
Rxd7 Kxd7 22. O-O Rc8 23. Bxc6+ Qxc6 24. Rd1+ Bd6 25. Qxa7+ Rc7 26. Qb8 Qa4 27.
b3 Qg4 28. Qb5+ Rc6 29. Qd3 Ke7 30. h3 Qf5 31. e4 Qc5 32. e5 fxe5 33. Bd2 Qd4
34. Bg5+ Ke8 35. Qe2 Qb6 36. Qg4 Bc7 37. Qh4 Rc2 38. Be3 Qc6 39. Qxh7 Bd6 40.
Qxg6+ Kd7 41. Qf7+ Kc8 42. Qxe6+ Kc7 43. Qf7+ Kc8 44. Rxd6 Rc1+ 45. Bxc1 Qxd6
46. Be3 e4 47. Qc4+ Kb7 48. Qxe4+ Ka6 49. Qa8+ Kb5 50. Qb7+ Ka5 51. Qa7+ Kb4
52. Qa4+ Kc3 53. Qc4+ Kb2 54. Bd4+ Kb1 55. Qc3 Qa3 56. Qd3+ Kc1 57. Be3+ Kb2
58. Qd2+ Ka1 59. Qd1+ Kb2 60. Bd4+ Kxa2 61. Qc2+ 1-0

[Event "7th Parsvnath International Open Chess T"]
[Site "New Delhi India"]
[Date "2009.01.11"]
[Round "1"]
[White "Kumar, Nandan"]
[Black "M R, Venkatesh"]
[Result "0-1"]
[WhiteElo "1879"]
[BlackElo "2470"]
[PlyCount "36"]
[EventDate "2009.01.11"]
[Source "MonRoi"]

1. Nf3 c5 2. g3 Nc6 3. Bg2 g6 4. d4 cxd4 5. Nxd4 Bg7 6. c3 d5 7. O-O Nf6 8.
Nxc6 bxc6 9. e4 O-O 10. exd5 cxd5 11. c4 Bg4 12. Qd2 dxc4 13. Bxa8 Qxa8 14. Re1
Bh3 15. f3 Qxf3 16. Qe2 Qc6 17. Nc3 Ng4 18. Qe4 Bd4+ 0-1

[Event "7th Parsvnath International Open Chess T"]
[Site "New Delhi India"]
[Date "2009.01.11"]
[Round "1"]
[White "Ponnuswamy, Konguvel"]
[Black "Gupta, Kapil"]
[Result "1-0"]
[WhiteElo "2462"]
[BlackElo "1871"]
[PlyCount "57"]
[EventDate "2009.01.11"]
[Source "MonRoi"]

1. e4 c5 2. Nf3 d6 3. d4 cxd4 4. Nxd4 Nf6 5. Nc3 a6 6. Bc4 e5 7. Nde2 Qc7 8.
Bb3 h6 9. O-O Nbd7 10. Be3 b5 11. a4 bxa4 12. Nd5 Qb7 13. Rxa4 Rb8 14. Rb4 Qxb4
15. Nxb4 Rxb4 16. Qd2 Rb8 17. Ng3 Bb7 18. f4 Bc6 19. Ra1 Nxe4 20. Nxe4 Bxe4 21.
Rxa6 Rxb3 22. cxb3 h5 23. Qb4 Bf5 24. fxe5 Nxe5 25. Qb8+ Kd7 26. Bf4 f6 27.
Ra7+ Ke6 28. Qc8+ Kd5 29. Qxf5 1-0

[Event "7th Parsvnath International Open Chess T"]
[Site "Modern School, Barakhamba Road"]
[Date "2009.01.11"]
[Round "1.21"]
[White "Shriwas, Bhushan"]
[Black "Sarkar, Justin"]
[Result "0-1"]
[WhiteElo "1870"]
[BlackElo "2455"]
[PlyCount "50"]
[EventDate "2009.01.11"]

1. Nf3 c5 2. g3 Nc6 3. Bg2 e5 4. d3 d5 5. Nbd2 Nf6 6. O-O e4 7. dxe4 dxe4 8.
Ng5 e3 9. Nc4 exf2+ 10. Kxf2 Ng4+ 11. Kg1 Qxd1 12. Rxd1 Nd4 13. Bd5 Nxc2 14.
Bxf7+ Ke7 15. Bf4 Nxa1 16. Bd6+ Kf6 17. Rf1+ Kxg5 18. h4+ Kh6 19. Bf4+ g5 20.
hxg5+ Kg7 21. Bd2 Nc2 22. e3 Ngxe3 23. Nxe3 Nd4 24. Bc3 Be7 25. Nd5 Bxg5 0-1

[Event "7th Parsvnath International Open Chess T"]
[Site "Modern School, Barakhamba Road"]
[Date "2009.01.11"]
[Round "1.22"]
[White "Thipsay, Praveen M"]
[Black "Md Aminismail, Khadri"]
[Result "1-0"]
[WhiteElo "2453"]
[BlackElo "1867"]
[PlyCount "105"]
[EventDate "2009.01.11"]

1. e4 c5 2. Nf3 d6 3. d4 cxd4 4. Nxd4 Nf6 5. Nc3 a6 6. Be2 g6 7. O-O Bg7 8. Be3
O-O 9. f4 b5 10. e5 dxe5 11. fxe5 Nd5 12. Nxd5 Qxd5 13. Nf5 Qe6 14. Nxg7 Kxg7
15. Bf3 Nc6 16. Bd5 Rd8 17. Bxe6 Rxd1 18. Raxd1 Bxe6 19. a3 Rc8 20. Rf2 h6 21.
h3 g5 22. Re1 Kg6 23. Bd2 Nd4 24. Bc3 Nf5 25. Bb4 Rc7 26. Rd2 Nh4 27. Re3 g4
28. hxg4 Bxg4 29. Rc3 Rb7 30. Rc6+ Be6 31. Rxa6 Nf5 32. Rc6 Kh7 33. Kf2 h5 34.
Ba5 Ra7 35. b4 Ra8 36. Rd8 Ra7 37. Rc5 Rb7 38. Rc7 Rxc7 39. Bxc7 h4 40. Bb6 Ng3
41. Bc5 Bf5 42. Rd4 Kg6 43. Rxh4 Ne4+ 44. Ke3 Nc3 45. Rh8 f6 46. exf6 exf6 47.
Rb8 Bd7 48. Bd4 Nd5+ 49. Kd2 Nf4 50. Rd8 Be6 51. Rd6 Bf7 52. c4 bxc4 53. b5 1-0

[Event "7th Parsvnath International Open Chess T"]
[Site "Modern School, Barakhamba Road"]
[Date "2009.01.11"]
[Round "1.24"]
[White "Vidit, Santosh Gujrathi"]
[Black "Kirane, Vishvajeet"]
[Result "1-0"]
[WhiteElo "2447"]
[BlackElo "1863"]
[PlyCount "94"]
[EventDate "2009.01.11"]

1. Nf3 d5 2. d4 e6 3. c4 c5 4. cxd5 exd5 5. Nc3 Nc6 6. g3 Nf6 7. Bg2 Be7 8. O-O
O-O 9. Bg5 cxd4 10. Nxd4 h6 11. Bf4 g5 12. Be3 Re8 13. Qb3 Na5 14. Qc2 Nc4 15.
Bc1 Be6 16. Nxe6 fxe6 17. Qg6+ Kh8 18. Qxh6+ Kg8 19. b3 Nd6 20. Qg6+ Kh8 21.
Bxg5 Rf8 22. Bh3 d4 23. Na4 Nde4 24. Bf4 Qe8 25. Qh6+ Nh7 26. Be5+ Bf6 27. Qf4
Nhg5 28. Bg2 Qg6 29. h4 Bg7 30. Bxg7+ Qxg7 31. Qg4 Nd2 32. hxg5 Nxf1 33. Rxf1
Rf5 34. f4 d3 35. e3 Rd8 36. Be4 Rf7 37. Nc5 d2 38. Nxe6 Qc3 39. Nxd8 Qxe3+ 40.
Kg2 Qxe4+ 41. Qf3 Qxf3+ 42. Kxf3 Rd7 43. Rd1 Rxd8 44. Ke3 Rc8 45. Rxd2 Rc3+ 46.
Rd3 Rc2 47. a4 b6 1-0

[Event "7th Parsvnath International Open Chess T"]
[Site "Modern School, Barakhamba Road"]
[Date "2009.01.11"]
[Round "1.25"]
[White "Sahoo, Devendra Kumar"]
[Black "Sengupta, Deep"]
[Result "0-1"]
[WhiteElo "1862"]
[BlackElo "2445"]
[PlyCount "94"]
[EventDate "2009.01.11"]

1. e4 e5 2. Nf3 Nc6 3. d4 exd4 4. Nxd4 Bc5 5. Be3 Qf6 6. c3 Nge7 7. Be2 d5 8.
exd5 Nxd5 9. O-O O-O 10. Nxc6 Nxe3 11. fxe3 Bxe3+ 12. Kh1 Qxc6 13. Bf3 Qh6 14.
g3 c6 15. Qe2 Be6 16. Na3 Bb6 17. b3 Rfe8 18. Rfe1 Bd7 19. Qd3 Bh3 20. Rxe8+
Rxe8 21. Rd1 Bc7 22. Bg2 Bg4 23. Rf1 Qe6 24. Qd2 h5 25. Nc2 Qe2 26. Qxe2 Rxe2
27. Rc1 Be5 28. h3 Bc8 29. Re1 Rxe1+ 30. Nxe1 Bxc3 31. Nd3 Bd4 32. Kh2 Bf5 33.
Nf4 g6 34. Bf3 Bb1 35. a3 Bc2 36. b4 Bb2 37. b5 cxb5 38. Bxb7 Bxa3 39. Bd5 b4
40. Ne2 Bb2 41. Kg2 a5 42. Kf3 a4 43. Ke3 a3 44. Nd4 Bb1 45. Nc6 a2 46. Bxa2
Bxa2 47. Nxb4 Be6 0-1

[Event "7th Parsvnath International Open Chess T"]
[Site "Modern School, Barakhamba Road"]
[Date "2009.01.11"]
[Round "1.26"]
[White "Murali Krishnan, B T."]
[Black "Nirbhay Nanda"]
[Result "1/2-1/2"]
[WhiteElo "2444"]
[BlackElo "1861"]
[PlyCount "117"]
[EventDate "2009.01.11"]

1. d4 Nf6 2. c4 g6 3. Nc3 Bg7 4. e4 d6 5. f3 O-O 6. Nge2 c6 7. Bg5 Re8 8. Qd2
Nbd7 9. g4 c5 10. h4 h5 11. gxh5 Nxh5 12. O-O-O a6 13. Bh3 cxd4 14. Nxd4 Ne5
15. b3 Bxh3 16. Rxh3 Qc8 17. Rh2 b5 18. cxb5 axb5 19. Kb1 Nxf3 20. Nxf3 Qxc3
21. Qxc3 Bxc3 22. Rc2 b4 23. Bd2 Bxd2 24. Rdxd2 Rec8 25. Rxc8+ Rxc8 26. Rc2 Rb8
27. Rc7 Kf8 28. Nd4 Nf6 29. Nc6 Rb6 30. Rc8+ Kg7 31. Nxe7 Nxe4 32. Rg8+ Kh7 33.
Rf8 Kg7 34. Rg8+ Kh7 35. Rf8 Nc3+ 36. Kc2 Kg7 37. Ra8 Rb7 38. Nc6 Rc7 39. Ra6
Nxa2 40. Kb2 Nc3 41. Nxb4 Ne4 42. Nc6 Nc5 43. Rb6 Rb7 44. Rxb7 Nxb7 45. Kc3 Kh6
46. Kd4 Kh5 47. b4 Kxh4 48. Kd5 g5 49. Nd4 g4 50. Kc6 g3 51. Nf5+ Kg4 52. Nxg3
Kxg3 53. Kxb7 d5 54. Kc6 d4 55. b5 d3 56. b6 d2 57. b7 d1=Q 58. b8=Q+ Kh4 59.
Qf4+ 1/2-1/2

[Event "7th Parsvnath International Open Chess T"]
[Site "Modern School, Barakhamba Road"]
[Date "2009.01.11"]
[Round "1.27"]
[White "Rathore, Sonakshi"]
[Black "Roy Chowdhury, Saptarshi"]
[Result "0-1"]
[WhiteElo "1849"]
[BlackElo "2444"]
[PlyCount "60"]
[EventDate "2009.01.11"]

1. e4 c5 2. c3 d6 3. d4 Nf6 4. Bd3 Nc6 5. Ne2 g6 6. O-O Bg7 7. h3 O-O 8. Be3 b6
9. Nd2 Bb7 10. Rc1 e6 11. Bb1 Rc8 12. Ng3 Nd7 13. Nf3 Qe7 14. Qe2 cxd4 15. cxd4
f5 16. Qd2 Nf6 17. Bg5 Qd7 18. Rfd1 fxe4 19. Nxe4 Nd5 20. Bh6 Rce8 21. Bxg7
Kxg7 22. Re1 Nf4 23. Qc3 Kg8 24. Nh2 d5 25. Ng3 e5 26. dxe5 d4 27. Qc4+ Kh8 28.
Ng4 Nxg2 29. Red1 Nf4 30. Kh2 Nxe5 0-1

[Event "7th Parsvnath International Open Chess T"]
[Site "Modern School, Barakhamba Road"]
[Date "2009.01.11"]
[Round "1.28"]
[White "Sriram, Jha"]
[Black "Rajeev, V M."]
[Result "1-0"]
[WhiteElo "2442"]
[BlackElo "1848"]
[PlyCount "49"]
[EventDate "2009.01.11"]

1. d4 Nf6 2. c4 g6 3. Nc3 Bg7 4. e4 d6 5. f3 O-O 6. Be3 Nbd7 7. Nge2 e5 8. Qd2
exd4 9. Nxd4 Ne5 10. Be2 a6 11. O-O c5 12. Nc2 Be6 13. b3 Qa5 14. Rfd1 Rfd8 15.
Na4 Qc7 16. Bh6 Bh8 17. Bg5 Rab8 18. Nc3 Qc6 19. Ne3 Rd7 20. Bxf6 Bxf6 21. f4
Nxc4 22. Bxc4 Bxc3 23. Qxc3 Qxe4 24. Bxe6 fxe6 25. Ng4 1-0

[Event "7th Parsvnath International Open Chess T"]
[Site "Modern School, Barakhamba Road"]
[Date "2009.01.11"]
[Round "1.29"]
[White "Shah, Asif"]
[Black "Rathnakaran, K."]
[Result "0-1"]
[WhiteElo "1848"]
[BlackElo "2431"]
[PlyCount "107"]
[EventDate "2009.01.11"]

1. d4 Nf6 2. c4 c5 3. d5 e6 4. Nc3 exd5 5. cxd5 d6 6. e4 g6 7. h3 Bg7 8. Nf3
O-O 9. Bd3 a6 10. O-O b5 11. Bg5 Re8 12. Re1 Nbd7 13. a3 c4 14. Bc2 Bb7 15. Qd2
Rc8 16. Rad1 Qb6 17. Be3 Qc7 18. Bd4 Nc5 19. Qg5 Qd8 20. Qh4 Nfd7 21. Qg3 Ne5
22. Nxe5 dxe5 23. Be3 Qd6 24. f4 Re7 25. f5 Nd7 26. Qf2 f6 27. h4 Rf7 28. Ne2
gxf5 29. Qxf5 Nf8 30. h5 h6 31. Ng3 Rcc7 32. Qg4 Bc8 33. Nf5 Bxf5 34. Qxf5 a5
35. Rf1 c3 36. b3 Nh7 37. Qg6 Kh8 38. b4 axb4 39. axb4 Nf8 40. Bc5 Qd8 41. Qg3
Nd7 42. Qxc3 Nxc5 43. bxc5 Bf8 44. c6 Bd6 45. Ra1 b4 46. Qe3 Qf8 47. Qf3 Rc8
48. Kh1 Qg7 49. Ra5 Rg8 50. Rfa1 f5 51. Ra8 Rff8 52. Rxf8 Rxf8 53. Rd1 fxe4 54.
Qxe4 0-1